书目信息 |
| 题名: |
鼠标宣言
|
|
| 作者: | 康斯坦, , 里德尔, 著 ;倪萍 译 | |
| 分册: | ||
| 出版信息: | 上海 上海人民出版社 2005.08 |
|
| 页数: | 219页 | |
| 开本: | 23cm | |
| 丛书名: | ||
| 单 册: | ||
| 中图分类: | F713.36 | |
| 科图分类: | ||
| 主题词: | 市场营销学--shi chang ying xiao xue--新技术应用 | |
| 电子资源: | ||
| ISBN: | 7-208-05653-6 | |
| 000 | 01027nam0 2200265 450 | |
| 001 | CAL 012005101311 | |
| 005 | 20060605092636.70 | |
| 010 | @a7-208-05653-6@dCNY 25.00 | |
| 099 | @aCAL 012005101311 | |
| 100 | @a20050110d2005 ekmy0chiy0121 ea | |
| 101 | 1 | @achi@ceng |
| 102 | @aCN@b110000 | |
| 200 | 1 | @a鼠标宣言@Ashu biao xuan yan@e群体筛选的营销力@f(美) 约翰·里德尔, 约瑟夫·康斯坦著@d= Word of mouse@ethe marketing power of collaborative filtering@fJohn Riedl, Joseph Konstan@g倪萍译@zeng |
| 210 | @a上海@c上海人民出版社@d2005.08 | |
| 215 | @a219页@d23cm | |
| 510 | 1 | @aWord of mouse@ethe marketing power of collaborative filtering@zeng |
| 517 | 1 | @a群体筛选的营销力@Aqun ti shai xuan de ying xiao li |
| 606 | 0 | @a市场营销学@Ashi chang ying xiao xue@x新技术应用 |
| 690 | @aF713.36@v4 | |
| 701 | 1 | @a康斯坦,@Akang si tan@g(Konstan, Joseph)@4著 |
| 701 | 1 | @a里德尔,@Ali de er@g(Riedl, John)@4著 |
| 702 | 0 | @a倪萍@Ani ping@4译 |
| 801 | 0 | @aCN@bNUL@c20060605 |
| 905 | @dF713.36@eY944 | |
| 906 | @dCNY 25.00@n3@r1 | |
| 鼠标宣言:群体筛选的营销力/(美) 约翰·里德尔, 约瑟夫·康斯坦著= Word of mouse:the marketing power of collaborative filtering/John Riedl, Joseph Konstan/倪萍译.-上海:上海人民出版社,2005.08 |
| 219页;23cm |
| ISBN 7-208-05653-6:CNY 25.00 |
| ● |
| 相关链接 |
|
|
|
正题名:鼠标宣言
索取号:F713.36/Y944
 
预约/预借
| 序号 | 登录号 | 条形码 | 馆藏地/架位号 | 状态 | 备注 |
| 1 | 605352 | 206053526 | 社科库409/409社科库 42排3列4层/ [索取号:F713.36/Y944] | 在馆 | |
| 2 | 605353 | 206053535 | 社科库409/409社科库 42排3列4层/ [索取号:F713.36/Y944] | 在馆 |